<?xml version="1.0" encoding="UTF-8"?><?xml-stylesheet type="text/xsl" href="static/style.xsl"?><OAI-PMH xmlns="http://www.openarchives.org/OAI/2.0/" xmlns:xsi="http://www.w3.org/2001/XMLSchema-instance" xsi:schemaLocation="http://www.openarchives.org/OAI/2.0/ http://www.openarchives.org/OAI/2.0/OAI-PMH.xsd"><responseDate>2026-06-03T11:42:49Z</responseDate><request verb="GetRecord" identifier="oai:riuma.uma.es:10630/32398" metadataPrefix="marc">https://riuma.uma.es/rest/oai/request</request><GetRecord><record><header><identifier>oai:riuma.uma.es:10630/32398</identifier><datestamp>2026-02-03T11:32:24Z</datestamp><setSpec>com_10630_2254</setSpec><setSpec>col_10630_37953</setSpec></header><metadata><record xmlns="http://www.loc.gov/MARC21/slim" xmlns:dcterms="http://purl.org/dc/terms/" xmlns:doc="http://www.lyncode.com/xoai" xmlns:xsi="http://www.w3.org/2001/XMLSchema-instance" xsi:schemaLocation="http://www.loc.gov/MARC21/slim http://www.loc.gov/standards/marcxml/schema/MARC21slim.xsd">
   <leader>00925njm 22002777a 4500</leader>
   <datafield ind2=" " ind1=" " tag="042">
      <subfield code="a">dc</subfield>
   </datafield>
   <datafield ind2=" " ind1=" " tag="720">
      <subfield code="a">Ortiz-Tallo-Alarcón, Margarita</subfield>
      <subfield code="e">author</subfield>
   </datafield>
   <datafield ind2=" " ind1=" " tag="720">
      <subfield code="a">Blanca-Mena, María José</subfield>
      <subfield code="e">author</subfield>
   </datafield>
   <datafield ind2=" " ind1=" " tag="720">
      <subfield code="a">Ferragut-Ortiz-Tallo, Marta</subfield>
      <subfield code="e">author</subfield>
   </datafield>
   <datafield ind2=" " ind1=" " tag="720">
      <subfield code="a">Cobos, Sebastián</subfield>
      <subfield code="e">author</subfield>
   </datafield>
   <datafield ind2=" " ind1=" " tag="260">
      <subfield code="c">2011</subfield>
   </datafield>
   <datafield ind2=" " ind1=" " tag="520">
      <subfield code="a">El objetivo del presente estudio es conocer si existen diferencias en patrones de personalidad y síndromes clínicos en función de la rehabilitación o recaída en el juego patológico. Para ello, se ha llevado a cabo un seguimiento a 176 jugadores de un centro de rehabilitación cuya terapia está centrada en grupos de autoayuda de dos años de duración, dividida en tres fases de ocho meses cada una. La rehabilitación se consigue con la finalización de las tres fases, considerándose recaída inmediata el abandono en la primera, o tardía si el abandono es en la segunda fase. Se realizó una evaluación previa al tratamiento con el Inventario Clínico Multiaxial de Millon. Se analizan las diferencias en patrones de personalidad y síndromes clínicos entre los participantes que recaen en una de las fases y los que alcanzan la rehabilitación. El 61,93% de los participantes alcanzan el éxito terapéutico. Los resultados muestran que sólo la personalidad antisocial presenta diferencias significativas, presentando menor puntuación los participantes que finalizan el tratamiento. Por otro lado, no se encontraron diferencias en el número de personas que se rehabilitan en&#xd;
función de su perfil clínico previo.</subfield>
   </datafield>
   <datafield ind1="8" ind2=" " tag="024">
      <subfield code="a">Ortiz-Tallo, M., Blanca, M.J., Ferragut, M., &amp; Cobos, S. (2011). Personalidad y perfiles clínicos relacionados con el éxito o recaída en el tratamiento de jugadores patológicos. Escritos de Psicología. 4, 18 -24</subfield>
   </datafield>
   <datafield ind1="8" ind2=" " tag="024">
      <subfield code="a">https://hdl.handle.net/10630/32398</subfield>
   </datafield>
   <datafield ind1="8" ind2=" " tag="024">
      <subfield code="a">10.24310/espsiescpsi.v4i1.13309</subfield>
   </datafield>
   <datafield tag="653" ind2=" " ind1=" ">
      <subfield code="a">Juegos de azar - Rehabilitación</subfield>
   </datafield>
   <datafield ind2="0" ind1="0" tag="245">
      <subfield code="a">Personalidad y perfiles clínicos relacionados con el éxito o recaída en el tratamiento de jugadores patológicos.</subfield>
   </datafield>
</record>
</metadata></record></GetRecord></OAI-PMH>